Disputaciones metafísicas sobre el concepto del ente / (Record no. 148789)

MARC details
000 -LEADER
campo de control de longitud fija 00588nam a2200181 4500
001 - NÚMERO DE CONTROL
campo de control 148789
003 - IDENTIFICADOR DE NÚMERO DE CONTROL
campo de control ES-MaACL
005 - FECHA Y HORA DE LA ÚLTIMA TRANSACCIÓN
campo de control 20231205142505.0
007 - CAMPO FIJO DE DESCRIPCIÓN FÍSICA--INFORMACIÓN GENERAL
campo de control de longitud fija t|
008 - DATOS DE LONGITUD FIJA--INFORMACIÓN GENERAL
campo de control de longitud fija 070214s1935 sp r ||||1| spa d
100 1# - ENTRADA PRINCIPAL--NOMBRE DE PERSONA
Nombre de persona Suárez, Francisco.
9 (RLIN) 108560
245 10 - MENCIÓN DEL TÍTULO
Título Disputaciones metafísicas sobre el concepto del ente /
Mención de responsabilidad, etc. Francisco Suárez ; traducción del latín por X. Zubiri.
260 ## - PUBLICACIÓN, DISTRIBUCIÓN, ETC.
Lugar de publicación, distribución, etc. Madrid :
Nombre del editor, distribuidor, etc. [s. n.],
Fecha de publicación, distribución, etc. 1935 (
Fabricante Galo Sèz)
300 ## - DESCRIPCIÓN FÍSICA
Extensión 197 p. ;
Dimensiones 18 x 13.
700 1# - ENTRADA AGREGADA--NOMBRE PERSONAL
Nombre de persona Zubiri, Xavier,
Fechas asociadas al nombre 1898-1983
9 (RLIN) 118406
852 ## - LOCALIZACIÓN
Ubicación ES-MaACL
Número de control de estantería A-3351
Holdings
Estatus retirado Estado de pérdida Estado de daño No para préstamo Biblioteca de origen Biblioteca actual Ubicación en estantería Fecha de adquisición Fuente de adquisición Total de préstamos Signatura topográfica completa Código de barras Visto por última vez Precio de reemplazo Tipo de ítem Koha
        Biblioteca del Ateneo de Madrid Biblioteca del Ateneo de Madrid Sala Pecera Planta 1 17/01/2008     A-3351 1155271 23/02/2023 23/02/2023 Libro impreso